শপেনহায়ার এক দু:বাদীর দু:স্বপ্ন। (Record no. 4555)
[ view plain ]
| 000 -LEADER | |
|---|---|
| fixed length control field | 00617nam a2200145Ia 4500 |
| 008 - FIXED-LENGTH DATA ELEMENTS--GENERAL INFORMATION | |
| fixed length control field | 151213s9999 xx 000 0 und d |
| 100 ## - MAIN ENTRY--PERSONAL NAME | |
| Personal name | আ.ফ.ম.উবায়দুর রহতমান। |
| 245 ## - TITLE STATEMENT | |
| Title | শপেনহায়ার এক দু:বাদীর দু:স্বপ্ন। |
| Statement of responsibility, etc. | আ.ফ.ম.উবায়দুর রহতমান। |
| 260 ## - PUBLICATION, DISTRIBUTION, ETC. (IMPRINT) | |
| Place of publication, distribution, etc. | ঢাকা |
| Name of publisher, distributor, etc. | পায়রা প্রকাশনী।১৯৭৮ |
| 300 ## - PHYSICAL DESCRIPTION | |
| Extent | 8770 p. |
| 650 ## - SUBJECT ADDED ENTRY--TOPICAL TERM | |
| Topical term or geographic name as entry element | Bangla |
| 650 ## - SUBJECT ADDED ENTRY--TOPICAL TERM | |
| Topical term or geographic name as entry element | উপন্যাস |
| 700 ## - ADDED ENTRY--PERSONAL NAME | |
| Personal name | আ.ফ.ম.উবায়দুর রহতমান। |
No items available.
